| 000 | 00679nam a2200217Ia 4500 | ||
|---|---|---|---|
| 001 | 13608 | ||
| 003 | GE_BSU | ||
| 008 | 181216s||||||||xx |||||||||||||| ||und|| | ||
| 040 | _cGE_BSU | ||
| 080 | _a664.69(075) | ||
| 100 | _aНазаров,Н.И. | ||
| 245 | _aТехнология макаронного производства. | ||
| 245 | _bУчебник. | ||
| 245 | _cРед. М.К.Смирнова. | ||
| 260 | _aМ. | ||
| 260 | _bПищевая промышленность. | ||
| 260 | _c1969. | ||
| 300 | _a399 стр. 20см. Библиогр.: стр.389-396. | ||
| 653 | _aТехнология макаронного производства. | ||
| 942 | _cBK | ||
| 999 |
_c46764 _d46764 |
||